000 00299nam a22001337a 4500
003 SGT
082 _a617.643
_bP66S
100 _aSalzmann, J. A.
245 _aPractice of Orthodontics
260 _bJ. B. Lippincott CO.
_c1966
300 _a555-1074
650 _aOrthodontics
942 _2ddc
_cRARE
999 _c33253
_d33253